000 00337nam a2200121Ia 4500
999 _c92549
_d92549
003 0100
005 20180524101610.0
008 130307s9999 xx 000 0 und d
040 _cARRUPELIB
050 _aGN645.C34 1972
100 _aChavunduka, Gordon Lloyd
_941737
245 _aInteraction of folk and scientific beliefs in Shona medical practices
_cGordon L. Chavhunduka
260 _aLondon
_bUniversity of London
_c1972
300 _a156p. ;
_c29cm.
650 _aMashona (African people)
_941738
650 _aMedicine, Traditional
_zZimbabwe
_941739
942 _2lcc
_cSPC